<?xml version="1.0" encoding="UTF-8"?>
<record
    xmlns:xsi="http://www.w3.org/2001/XMLSchema-instance"
    xsi:schemaLocation="http://www.loc.gov/MARC21/slim http://www.loc.gov/standards/marcxml/schema/MARC21slim.xsd"
    xmlns="http://www.loc.gov/MARC21/slim">

  <leader>01419nam a2200301 a 4500</leader>
  <controlfield tag="003">DO-SdBNP</controlfield>
  <controlfield tag="005">20240404093624.0</controlfield>
  <controlfield tag="007">ta</controlfield>
  <controlfield tag="008">220725e2007    dr ad||fr|||| 001 0 spa d</controlfield>
  <datafield tag="040" ind1=" " ind2=" ">
    <subfield code="a">DO-SdBNP</subfield>
    <subfield code="b">spa</subfield>
    <subfield code="c">BNPHU</subfield>
  </datafield>
  <datafield tag="082" ind1=" " ind2="4">
    <subfield code="2">22</subfield>
    <subfield code="b">M425p</subfield>
  </datafield>
  <datafield tag="245" ind1="1" ind2="0">
    <subfield code="a">Maternidad y paternidad en adolescentes 2007. /</subfield>
    <subfield code="c">Pr&#xF3;logo, Gilka Mel&#xE9;ndez Fern&#xE1;ndez; Presentaci&#xF3;n, Agust&#xED;n Encarnaci&#xF3;n Montero-.</subfield>
  </datafield>
  <datafield tag="246" ind1="1" ind2="4">
    <subfield code="a">Maternidad y paternidad en adolescentes 2007:</subfield>
    <subfield code="b">alerta ante un abismo creciente. /</subfield>
  </datafield>
  <datafield tag="260" ind1=" " ind2=" ">
    <subfield code="a">Santo Domingo :</subfield>
    <subfield code="b">CONAPOFA,</subfield>
    <subfield code="c">2007</subfield>
  </datafield>
  <datafield tag="300" ind1=" " ind2=" ">
    <subfield code="a">126 P. :</subfield>
    <subfield code="b">il., gr&#xE1;f. ;</subfield>
    <subfield code="c">28 cm.</subfield>
  </datafield>
  <datafield tag="504" ind1=" " ind2=" ">
    <subfield code="a">Bibliograf&#xED;a: p. 49 y 120</subfield>
  </datafield>
  <datafield tag="505" ind1=" " ind2=" ">
    <subfield code="a">Pr&#xF3;logo.</subfield>
  </datafield>
  <datafield tag="505" ind1=" " ind2=" ">
    <subfield code="a">Presentaci&#xF3;n.</subfield>
    <subfield code="t">I. Introducci&#xF3;n.</subfield>
    <subfield code="t">II. Objetivos.--</subfield>
    <subfield code="t">III. Marco Conceptual.--</subfield>
    <subfield code="t">IV. Metodolog&#xED;a.--</subfield>
    <subfield code="t">V. Resultados.-- </subfield>
    <subfield code="t">5.1. Estudio Cauntitativo.--</subfield>
    <subfield code="t">Bibliograf&#xED;a.--</subfield>
    <subfield code="t">5.2. Estudio Cualitativo.--</subfield>
    <subfield code="t">VII. Recomendaciones.--</subfield>
    <subfield code="t">Anexos.--</subfield>
    <subfield code="t">Bibliograf&#xED;a.</subfield>
  </datafield>
  <datafield tag="590" ind1=" " ind2=" ">
    <subfield code="a">Inventariado 2022 / MF</subfield>
  </datafield>
  <datafield tag="650" ind1=" " ind2="4">
    <subfield code="9">13981</subfield>
    <subfield code="a">Embarazo en Adolescente</subfield>
    <subfield code="z">Rep&#xFA;blica Dominicana</subfield>
  </datafield>
  <datafield tag="650" ind1=" " ind2="0">
    <subfield code="9">13854</subfield>
    <subfield code="a">Paternidad</subfield>
    <subfield code="x">Rep&#xFA;blica Dominicana</subfield>
  </datafield>
  <datafield tag="700" ind1="1" ind2=" ">
    <subfield code="9">32053</subfield>
    <subfield code="a">Mel&#xE9;ndez Fern&#xE1;ndez, Gilka</subfield>
    <subfield code="e">pr&#xF3;l.</subfield>
  </datafield>
  <datafield tag="700" ind1=" " ind2="2">
    <subfield code="a">Encarnaci&#xF3;n Montero, Agust&#xED;n </subfield>
    <subfield code="9">82085</subfield>
  </datafield>
  <datafield tag="710" ind1="2" ind2=" ">
    <subfield code="a">Consejo Nacional de Poblaci&#xF3;n y Familia (Rep&#xFA;blica Dominicana)</subfield>
    <subfield code="9">6985</subfield>
  </datafield>
  <datafield tag="710" ind1="2" ind2=" ">
    <subfield code="a">Fondo de Naciones Unidas para Actividades en Materia de Poblaci&#xF3;n</subfield>
    <subfield code="9">52170</subfield>
  </datafield>
  <datafield tag="910" ind1=" " ind2=" ">
    <subfield code="a">MFeliz</subfield>
  </datafield>
  <datafield tag="942" ind1=" " ind2=" ">
    <subfield code="2">ddc</subfield>
    <subfield code="c">LBS1</subfield>
  </datafield>
  <datafield tag="952" ind1=" " ind2=" ">
    <subfield code="0">0</subfield>
    <subfield code="1">0</subfield>
    <subfield code="2">ddc</subfield>
    <subfield code="5">1</subfield>
    <subfield code="7">0</subfield>
    <subfield code="8">PD</subfield>
    <subfield code="a">BNPHU</subfield>
    <subfield code="b">BNPHU</subfield>
    <subfield code="c">CT</subfield>
    <subfield code="d">2018-07-25</subfield>
    <subfield code="e">Donado por CERTV</subfield>
    <subfield code="l">0</subfield>
    <subfield code="p">2022-3558</subfield>
    <subfield code="r">2022-07-25</subfield>
    <subfield code="w">2022-07-25</subfield>
    <subfield code="y">LBS1</subfield>
  </datafield>
  <datafield tag="999" ind1=" " ind2=" ">
    <subfield code="c">52227</subfield>
    <subfield code="d">52227</subfield>
  </datafield>
</record>
